MARC details
| 000 -LEADER |
| fixed length control field |
01943cab a2200361Ia 45 0 |
| 001 - CONTROL NUMBER |
| control field |
u189539 |
| 003 - CONTROL NUMBER IDENTIFIER |
| control field |
SIRSI |
| 008 - FIXED-LENGTH DATA ELEMENTS--GENERAL INFORMATION |
| fixed length control field |
110214s2010 ua ss b eng d |
| 040 ## - CATALOGING SOURCE |
| Original cataloging agency |
EAL |
| 041 ## - LANGUAGE CODE |
| Language code of text/sound track or separate title |
eng |
| Language code of summary or abstract |
ara |
| 090 ## - LOCALLY ASSIGNED LC-TYPE CALL NUMBER (OCLC); LOCAL CALL NUMBER (RLIN) |
| Classification number (OCLC) (R) ; Classification number, CALL (RLIN) (NR) |
ART MJAR V35 No6 8 |
| 100 1# - MAIN ENTRY--PERSONAL NAME |
| Personal name |
Ibrahim, M. E. |
| 240 10 - UNIFORM TITLE |
| Uniform title |
Minufiya journal of agricultural research, 2010 v. 35 (6) |
| Medium |
[electronic resource]. |
| 245 10 - TITLE STATEMENT |
| Title |
Productivity and nitrogen accumulation and translocation of some maize genotypes as affected by different nitrogen fertilization levels |
| Medium |
[electronic resource]. |
| 246 15 - VARYING FORM OF TITLE |
| Title proper/short title |
تأثير معدلات التسميد الازوتى على إنتاجية وتكوين وانتقال النتروجين المتراكم لبعض أصناف الذرة الشامية. |
| 300 ## - PHYSICAL DESCRIPTION |
| Extent |
p.2109-2133. |
| 504 ## - BIBLIOGRAPHY, ETC. NOTE |
| Bibliography, etc. note |
Includes references. |
| 520 ## - SUMMARY, ETC. |
| Summary, etc. |
Field experiment was carried out at the Experimental Farm, Faculty of Agriculture , Minufiya University in 2008 season and repeated in 2009 season to investigate the effect of nitrogen fertilization levels (0 , 30 , 60, 90 and 120 Kg N / fed) on the productivity and nitrogen accumulation of five maize varieties differed in their prolificacy (number of ears), i.e Single cross 122 (S.C. 122), Single cross 30 K 8 (S.C. 30 K 8), Three way cross Nefertiti (T. W. C. Nefertiti), Synthetic variety Composit 1 and Open pollinated variety Giza 2 . |
| 546 ## - LANGUAGE NOTE |
| Language note |
Summary in Arabic. |
| 596 ## - |
| -- |
1 |
| 650 #0 - SUBJECT ADDED ENTRY--TOPICAL TERM |
| Topical term or geographic name entry element |
Corn |
| General subdivision |
Composition. |
| 650 #0 - SUBJECT ADDED ENTRY--TOPICAL TERM |
| Topical term or geographic name entry element |
Corn |
| General subdivision |
Fertilizers. |
| 650 #0 - SUBJECT ADDED ENTRY--TOPICAL TERM |
| Topical term or geographic name entry element |
Corn |
| General subdivision |
Genetics. |
| 650 #0 - SUBJECT ADDED ENTRY--TOPICAL TERM |
| Topical term or geographic name entry element |
Corn |
| General subdivision |
Varieties. |
| 650 #0 - SUBJECT ADDED ENTRY--TOPICAL TERM |
| Topical term or geographic name entry element |
Plants |
| General subdivision |
Effect of nitrogen on. |
| 650 #3 - SUBJECT ADDED ENTRY--TOPICAL TERM |
| Topical term or geographic name entry element |
genotype. |
| 650 #3 - SUBJECT ADDED ENTRY--TOPICAL TERM |
| Topical term or geographic name entry element |
fertilizer rates. |
| 700 1# - ADDED ENTRY--PERSONAL NAME |
| Personal name |
EL-Shamarka, Sh. A. |
| 700 1# - ADDED ENTRY--PERSONAL NAME |
| Personal name |
Gaafar, N. A. |
| 700 1# - ADDED ENTRY--PERSONAL NAME |
| Personal name |
Abdel-Aal, M. S. M. |
| 773 0# - HOST ITEM ENTRY |
| Title |
Minufiya Journal of Agricultural Research. |
| Related parts |
2010. v.35(6) |
| International Standard Serial Number |
1110-0265 |
| Control subfield |
nnas |
| Record control number |
u158151 |
| 856 40 - ELECTRONIC LOCATION AND ACCESS |
| Uniform Resource Identifier |
<a href="http://nile.enal.sci.eg/EALE/2010/MJAR/3510/6/2109.pdf">http://nile.enal.sci.eg/EALE/2010/MJAR/3510/6/2109.pdf</a> |
| Public note |
Full Text Article |
| 942 ## - ADDED ENTRY ELEMENTS (KOHA) |
| Koha item type |
Articles |
| Source of classification or shelving scheme |
Library of Congress Classification |